A király és a barát

Podrobná bibliografia
Médium: Článok
Jazyk:maďarčina
Fyzický popis:Obr.
ISSN:1335-6534
Predmet:

MARC

LEADER 00000nab a2200000 ar4500
001 vtls009473719
003 SK-MaSNL
005 20260303053430.0
008 090217c2009 xo |||||||| 000 b|hun
015 |a SNBRB2009/02  |2 snkbucl 
038 |a SNKBUCL 
040 |a DSZK  |b slo  |c DSZK  |e AACR2 
041 0 |a hun 
044 |a xo  |c SK 
080 |a 821.511.141-93=511.141  |2 1997 
080 |a 821.511.141-34(0.053.2)=511.141  |2 1997 
080 |a 398.2  |x (=511.141)  |2 1997 
245 0 0 |a A király és a barát 
300 |b Obr. 
650 0 7 |a ľudové rozprávky, maďarské  |2 snkbucl  |9 1034255 
773 0 |t Remény  |g Évf. XX, sz. 7 (2009), o. 19  |x 1335-6534 
852 |a SNK  |b KIS3GCP 
852 |a DSZK  |b KIS3GCP 
958 |a HU 
958 |a LX 
958 |a DB 
999 |c 1719183  |d 1721113